LEADER 01089nam a2200229 i 4500 001 000000174099 003 CaOOAMICUS 005 20080819000000.0 008 080819s1968 it u000 u ita u 013 $a151557 040 $aSeMil$bita 100 1 $aHusserl, Edmund,$d<1859-1938>.$0(OLS)http://semarc/name/3630 245 10$aTerza ricerca ; Quarta ricerca ; Quinta ricerca ; Sesta ricerca /$cEdmund Husserl. 260 $aMilano :$bIl Saggiatore,$c1968. 300 $a562 p. ;$c21 cm. 490 0 $aLa cultura. Biblioteca di filosofia e di scienze dell'uomo ;$v24./2 773 0 $aHusserl, Edmund <1859-1938>$tRicerche logiche.$dMilano : Il Saggiatore, 1968.$g2$w()19918 830 3$aLa cultura. Biblioteca di filosofia e di scienze dell'uomo ;$v24./2.$0(OLS)http://semarc/title/26212 850 $aSeMil 852 $aSeMil$W1$xVenegono$y1$m2P II 317$j124938$B124938$CSeMilBibl$Z2$F135906 $81 996 $6245$aTerza ricerca ; Quarta ricerca ; Quinta ricerca ; Sesta ricerca$9(OLS)http://semarc/title/249515 996 $6260$aMilano :$bIl Saggiatore$9(OLS)http://semarc/publisher/30255 LEADER 00951nam a2200241 i 4500 001 000000104666 003 CaOOAMICUS 005 20201103114228.0 008 090805s1929 fr u000 u fre u 013 $a76855 040 $aSeMil$bita 245 10$a2. partie /$cF. Prat. 250 $a15. éd. 264 1$aParis :$bBeauchesne,$c1929. 300 $aVI, 612 p. ;$c24 cm. 700 1 $aPrat, Ferdinand .$0(OLS)http://semarc/name/3556 773 0 $aPrat, Ferdinand $tThéologie de Saint Paul.$dParis : Beauchesne $kBibliothèque de théologie historique$g2$w()6843 830 0$aBibliothèque de théologie historique.$0(OLS)http://semarc/title/8153 850 $aSeMil 852 $aSeMil$W1$xVenegono$y1$m2A IV 75$j60969$B60969$CSeMilBibl$Z2$F70221 $81 996 $6245$a2. partie$9(OLS)http://semarc/title/151646 996 $6264$aParis :$bBeauchesne$9(OLS)http://semarc/publisher/29638